00330nam a2200121Ia 4500008004100000041000800041082001200049100002600061245004400087260004000131300003000171365000700201240624s9999 xx 000 0 und d aeng a828 MAL aMALIK SATYENDER SINGH aETHICAL LEGAL AND REGULATORY ASPECTS OF c1997aDelhibRahul Publishing House axi, : 168 : p. : cm. ; 23 cRS